LEADER 01127nam0 22002891i 450 001 UON00155934 005 20231205102942.49 010 $a27-08-70406-0 100 $a20020218d1982 |0itac50 ba 101 $afre 102 $aFR 105 $a|||| ||||| 200 1 $aˆL'‰unité culturelle de l'Afrique Noire$eDomaines du patriarcat et du matriarcat dans l'antiquité classique$fCheikh Anta Diop 205 $a2 ed 210 $aParis$cPresence africaine$dc1982 215 $a219 p.$d18 cm 606 $aMATRIARCATO$3UONC032460$2FI 620 $aFR$dParis$3UONL002984 676 $a306$cCultura e istituzioni$v21 700 1$aDiop$bCheikh Anta$3UONV043316$0243289 712 $aPrésence Africaine$3UONV256897$4650 801 $aIT$bSOL$c20251212$gRICA 899 $aSIBA - SISTEMA BIBLIOTECARIO DI ATENEO E ARCHIVIO STORICO$2UONSI 912 $aUON00155934 950 $aSIBA - SISTEMA BIBLIOTECARIO DI ATENEO E ARCHIVIO STORICO$dSI GEN 0604 $eSI AA 9149 5 0604 996 $aUnité culturelle de l'Afrique Noire$9491495 997 $aUNIOR